[Event "Gibraltar Challengers-A 12th"]
[Site "Caleta"]
[Date "2014.01.27"]
[Round "1"]
[White "Othman, Mustapha"]
[Black "Samu, Sorin Mihai"]
[Result "0-1"]
[WhiteElo "1905"]
[BlackElo "2131"]
[PlyCount "119"]
[EventDate "2014.01.27"]
[EventType "swiss"]
[EventRounds "5"]
[EventCountry "GGB"]
[SourceTitle "CBM 158 Extra"]
[Source "ChessBase"]
[SourceDate "2014.02.28"]
[SourceVersion "1"]
[SourceVersionDate "2014.02.28"]
[SourceQuality "1"]

1. e4 e6 2. d4 d5 3. Nd2 Nf6 4. e5 Nfd7 5. Bd3 c5 6. c3 Nc6 7. Ne2 Qb6 8. Nf3 Be7 9. 0-0 h6 10. Re1 cxd4 11. cxd4 a6 12. a3 Qd8 13. Nf4 g5 14. Nh5 Qb6 15. h3 Nxd4 16. Be3 Nxf3+ 17. Qxf3 Bc5 18. Ng7+ Ke7 19. Bxc5+ Qxc5 20. Rac1 Qb6 21. Rc2 Rg8 22. Nh5 g4 23. hxg4 Rg5 24. Kh1 Qd4 25. Rec1 Rxh5+ 26. gxh5 Nxe5 27. Qg3 Bd7 28. Rc7 Rd8 29. Be2 Qe4 30. f4 Qxe2 31. Qh4+ f6 32. fxe5 Qxe5 33. Rxb7 Rb8 34. Qb4+ Kf7 35. Rxd7+ Kg8 36. Qg4+ Qg5 37. Qxe6+ Kh8 38. Rf1 Qh4+ 39. Qh3 Qg5 40. Qc3 Rf8 41. Rf3 Qg4 42. Qc7 Qe4 43. Rxf6 Qh4+ 44. Kg1 Qxf6 45. Rh7+ Kg8 46. Rd7 Qf2+ 47. Kh2 Qh4+ 48. Kg1 Qd4+ 49. Kh2 Re8 50. Qg3+ Kh8 51. Rh7+ Kxh7 52. Qg6+ Kh8 53. Qxe8+ Kg7 54. Qg6+ Kf8 55. Qxh6+ Ke7 56. Qh7+ Ke6 57. Qg6+ Kd7 58. Qh7+ Kc6 59. Qc2+ Kb5 60. Qe2+ 0-1

[Event "Gatwick e2e4 op U1950"]
[Site "Crawley"]
[Date "2013.11.02"]
[Round "3"]
[White "Othman, Mustapha"]
[Black "Head, Louise"]
[Result "1-0"]
[WhiteElo "1907"]
[BlackElo "1777"]
[PlyCount "77"]
[EventDate "2013.11.01"]
[EventType "swiss"]
[EventRounds "5"]
[EventCountry "ENG"]
[SourceTitle "EXT 2015"]
[Source "ChessBase"]
[SourceDate "2014.11.20"]
[SourceVersion "1"]
[SourceVersionDate "2014.11.20"]
[SourceQuality "1"]

1. e4 d5 2. exd5 Qxd5 3. Nc3 Qd6 4. d4 Nf6 5. Nf3 Bg4 6. h3 Bh5 7. Nb5 Qb6 8. g4 Bg6 9. Ne5 Nbd7 10. Nc4 Qe6+ 11. Be3 Nd5 12. Bg2 N7f6 13. g5 Ne4 14. Ne5 a6 15. c4 axb5 16. cxd5 Qb6 17. Bxe4 Bxe4 18. Qg4 Qd6 19. Qxe4 f6 20. gxf6 gxf6 21. Nd3 0-0-0 22. Qe6+ Kb8 23. Qxd6 Rxd6 24. Nc5 Rxd5 25. Ne6 Kc8 26. Rc1 c6 27. Rg1 Kd7 28. Nc5+ Kc8 29. f4 h5 30. Kf2 Bh6 31. Rg6 e5 32. dxe5 fxe5 33. f5 Bf4 34. f6 Rf8 35. Ne6 Rf7 36. Rg8+ Kd7 37. Nc5+ Kd6 38. Rd8+ Kc7 39. Ne6# 1-0